000 01066cab a2200241 4500
001 X93850
008 090401t1998 xxu||||| |||| 00| 0 eng d
035 _a(Sirsi) u88446
041 _aeng
245 _aMoore v Sos Environment and New Forest DC
260 _c1998
350 _a0
490 _aJournal of Planning and Environment Law
_v(1998) JPL 877-883(7)
520 _aCA 12 February 1998. New Forest - house and outbuildings - conversion if ourbuildings into 10 self-contained holiday properties - breach of planning control - enforcement action - application of four-year rule - whether a change of use to 10 single dwelling houses - concept of the planning unit had no relevance to such a change of use - the properties were single dwelling-houses notwithstanding their use for holiday lettings.
650 _aCHANGE OF USE
650 _aFOUR YEAR RULE
650 _aHOLIDAY COTTAGE
650 _aMOORE V SOS ENVIRONMENT AND NEW FOREST DC
650 _aNEW FOREST
690 _aPLANNING LAW AND PRACTICE
942 _n0
948 _c11/09/1998
999 _c55868
_d55868